<?xml version="1.0" encoding="UTF-8"?>
<collection xmlns:xsi="http://www.w3.org/2001/XMLSchema-instance" xsi:schemaLocation="http://www.loc.gov/MARC21/slim http://www.loc.gov/standards/marcxml/schema/MARC21slim.xsd" xmlns="http://www.loc.gov/MARC21/slim">
 <record>
  <leader>00000ctm a22000004a 4500</leader>
  <controlfield tag="001">UP-8027390931313730514</controlfield>
  <controlfield tag="003">Buklod</controlfield>
  <controlfield tag="005">20070912130019.0</controlfield>
  <controlfield tag="006">m    |o  d |      </controlfield>
  <controlfield tag="007">ta</controlfield>
  <controlfield tag="008">070912s2002    xx     d     r    |||| u|</controlfield>
  <datafield tag="035" ind1=" " ind2=" ">
   <subfield code="a">(iLib)UPVIS-00000045542</subfield>
  </datafield>
  <datafield tag="040" ind1=" " ind2=" ">
   <subfield code="a">upv-gl</subfield>
  </datafield>
  <datafield tag="090" ind1=" " ind2="0">
   <subfield code="a">LG 996 2002 C7 H47</subfield>
  </datafield>
  <datafield tag="100" ind1="1" ind2=" ">
   <subfield code="a">Hernando, Christine Mae D.</subfield>
  </datafield>
  <datafield tag="245" ind1="1" ind2="0">
   <subfield code="a">Local governance and community development in Iloilo City</subfield>
   <subfield code="c">Christine Mae D. Hernando.</subfield>
  </datafield>
  <datafield tag="264" ind1=" " ind2="1">
   <subfield code="a">Los Banos, Laguna</subfield>
   <subfield code="b">U.P. Los Banos</subfield>
   <subfield code="c">2002.</subfield>
  </datafield>
  <datafield tag="300" ind1=" " ind2=" ">
   <subfield code="a">238 l.</subfield>
  </datafield>
  <datafield tag="502" ind1=" " ind2=" ">
   <subfield code="a">Dissertation (Ph.D.)--Los Banos, Laguna : U.P. Los Banos, 2002.</subfield>
  </datafield>
  <datafield tag="520" ind1="3" ind2=" ">
   <subfield code="a">The study describes local governance operations and community  development efforts in the selected barangays of Iloilo City. It also establishes the relationship  between local governance  and community development efforts across different income levels of the barangay. The barangay was the unit of analysis that involves descriptive statistics and Pearson product-moment correlation coefficient for the correlation analysis. The one way analysis of variance (ANOVA) was used to determine locl governance and community development across varying income levels of the barangay. Turkey Multiple comparisons and Duncan's Range Test  were used to identify further the differences in environmental protection efforts across the different income levels of barangay.. Findings of the study present a favorable picture of local governance and community development in the sample barangays. Levels of efficiency and effectiveness in revenue collection and utilization are seen to be &quot;high&quot;. The level of satisfaction with barangay services and facilities, as well as services and projects from civil society organizations (CSOs) are also rated as &quot;high&quot;. Managerial efficiency and effectiveness, as well as leadership performance of the Punong Barangay are perceived positively. Effectiveness of efforts to meet basic needs of and satisfaction of such needs are assessed as &quot;moderate&quot;, and there is the active participation of civil society in  environmental protection efforts in the barangay.However, findings also bring to light the need for greater civil society participation in decision-making and development activities in the barangay, and for the Punong Barnagay to exercise great political will in the performance of his/her official responsibilities. Findings also  reveal hat local governance is positively correlated with community development. The factors of local governance, i.e. revenue management, service delivery, and accountability contribute to community development specifically, the satisfaction of basic community needs and the protection and enhancement of environmental resources in the barangay. Furthermore, there is no significant difference in the operations of local governance and community development across  different income levels of barangay. However, the protection and enhancement of environmental resources in the barangay are higher in middle income barangays compared to the lower income barangays. The study recommends a systematic and comprehensive human resource development program to provide orientation on the opportunities and prospects for good governance afforded by the Local Governemnt Code of 1991 and enhance managerial and leadership competencies of the Punong Barangay. Further research on local governance is also recommended focusing more on leadership motivations, values and ethics, and behavior as basis for predicting and enhancing governance performance at the local levels.</subfield>
  </datafield>
  <datafield tag="852" ind1="0" ind2=" ">
   <subfield code="a">UPVIS</subfield>
   <subfield code="b">UPV-GL</subfield>
   <subfield code="h">LG 996 2002 C7 H47</subfield>
  </datafield>
  <datafield tag="942" ind1=" " ind2=" ">
   <subfield code="a">Thesis</subfield>
  </datafield>
 </record>
</collection>
